000 00521nam a22001577a 4500
005 20141002141854.0
008 141002b xxu||||| |||| 00| 0 eng d
050 _aRT 73
_b.G624 2013
100 _aGoldsworthy, Sandra.
245 _aSimulation simplified :
_bstudent lab manual for critical care nursing /
_cSandra Goldsworthy.
260 _aU.S.A :
_bLippincott Williams & Wilkins,
_cc2013.
300 _a55 pages :
_bcolored illustrations ;
_c26 cm.
521 _aNursing
650 _aNursing.
942 _2lcc
_cBK
_kFOR
999 _c276006
_d276006